| 000 | 00337nam a22001457a 4500 | ||
|---|---|---|---|
| 003 | OSt | ||
| 005 | 20160727222358.0 | ||
| 008 | 160622b xxu||||| |||| 00| 0 eng d | ||
| 040 | _cTEST | ||
| 100 |
_9617 _aKrause, L.M |
||
| 245 | _aScattered Abroad | ||
| 260 |
_aN.Y _bFriendship Press _c1966 |
||
| 300 | _aScattered Abroad | ||
| 942 |
_2ddc _cBK |
||
| 999 |
_c502 _d502 |
||